000 00431nam a2200169Ia 4500
008 230711s9999||||xx |||||||||||||| ||und||
041 _aENG
082 _a629.8
_bRA-A
100 _aRaven,Frances.H
245 0 _aAutomatic control engineering
250 _a1st Ed.
260 _c1995
_aNew Delhi
_bTata McGraw Hill Education Limited
300 _a619
650 _aElectrical Engineering
700 _aErnest,E.Kuh
942 _cBK
999 _c4133
_d4133